Zoznam používaných obchodných doložiek "Incoterms 1990" v zahraničnom obchode

Z histórie Incoterms 1990. Význam Incoterms.

Gespeichert in:
Bibliographische Detailangaben
1. Verfasser: Jurčíková, Božena
Format: Buchkapitel
Sprache:Slowakisch
Schlagworte:
Tags: Tag hinzufügen
Keine Tags, Fügen Sie das erste Tag hinzu!

MARC

LEADER 00000naa a2200000 4500
001 r048834
005 20230927071532.6
041 0 |a slo 
044 |a SK 
245 1 0 |a Zoznam používaných obchodných doložiek "Incoterms 1990" v zahraničnom obchode  |c Božena Jurčíková 
520 |a Z histórie Incoterms 1990. Význam Incoterms. 
610 2 0 |a obchod zahraničný 
610 2 0 |a operácie obchodné 
610 2 0 |a tranzit 
100 1 |a Jurčíková, Božena